مكتبة جامعة عجلون الوطنية

فهرس بحث المكتبة

Normal view MARC view
  • بحوث العمليات-العلوم التجارية

Entry Topical Term

Number of records used in: 1

001 - CONTROL NUMBER

  • control field: 33000

003 - CONTROL NUMBER IDENTIFIER

  • control field: JO-AjAnu

005 - DATE AND TIME OF LATEST TRANSACTION

  • control field: 20230606075536.0

008 - FIXED-LENGTH DATA ELEMENTS

  • fixed length control field: 230606|| aca||aabn | a|a d

040 ## - CATALOGING SOURCE

  • Original cataloging agency: JO-AjAnu
  • Transcribing agency: JO-AjAnu

150 ## - HEADING--TOPICAL TERM

  • Topical term or geographic name entry element: بحوث العمليات-العلوم التجارية

670 ## - SOURCE DATA FOUND

  • Source citation: Work cat.: (JO-AjAnu)16953: العلاونة، علي /م مشارك محمد عبيدات ، عبد الكريم عواد, author 32999, بحوث العمليات في العلوم التجارية